000 00416nam a2200181Ia 4500
001 10168
005 20260306161812.0
008 260306t1970||||xx |||||||||||||| ||spa||
041 _aESP
082 _a902
_bS29
100 _aSchieder, Thedor
_eAUT
245 0 _aLa historia como ciencia
260 _c1970
300 _a161 páginas :
_c20 cm.
650 _aGEN
654 _aCHU
942 _cLIB
_dJUS
_fJUS
_2ddc
_n
999 _c10168
_d10168